| 000 | 00763nam a22001935i 4500 | ||
|---|---|---|---|
| 001 | 160829 | ||
| 003 | ES-MaACL | ||
| 005 | 20231228063238.0 | ||
| 008 | 991119s1885 sp |||| | spa d | ||
| 040 |
_aAS _bspa _cAS |
||
| 100 | 1 |
_aNúñez de Arce, Gaspar, _d1834-1903 _9223411 |
|
| 245 | 1 | 0 |
_aGritos del combate _b: poesías / _cde Gaspar Núñez de Arce. |
| 250 | _a3ª ed., corr. y aum. | ||
| 260 |
_aMadrid : _bLibrería de Fernando Fé ; _aSevilla : _bLibrería de Hijos de Fé, _c1885 ( _eMadrid : _fEst. Tip. de Ricardo Fé) |
||
| 300 |
_aXXVIII, 250 [i.e. 256] p., [1] p. de grab. ; _c18 cm. |
||
| 597 | _aError de pág., de la p. 256 pasa a la p. 250. | ||
| 852 |
_aES-MaACL _jG-13904 _z-- Enc. pasta española |
||
| 999 |
_c160829 _d160829 |
||